000 00579nam a2200205Ia 4500
005 20250923145234.0
008 008 250917s9999 xx 000 0 eng d
037 _aTextual
040 _aDSWL
_beng
_cDSWL
041 _aeng
_2eng
084 _aY76:45111.73, N69
_qDSWL
100 _aHendin, Hebert
_9833233
245 0 _aBlack sucicide
_cby Hebert Hendin
260 _aNew Delhi
_b Basic Books
_c1960
300 _axxiv,550p.
365 _aINR
_b5.95
925 _g5.95
942 _cTEXL
_hY76:45111.73, N69
999 _c1448834
_d1448834